V Košiciach je radosť byť pacientom z toho, čo pred voľbami sľúbili, splnili jediné: otvorili nemocnicu

Podrobná bibliografia
Hlavný autor: Makarová, Soňa (Autor)
Médium: Článok
Jazyk:slovenčina
Fyzický popis:Fotogr.
ISSN:1335-4566
Predmet:

MARC

LEADER 00000nab a2200000 a 4500
001 vtls000932328
003 SK-MaSNL
005 20260303035031.0
008 040720e20040205xo 0 slo
035 |a KE41205 
040 |a KEVKJB  |b slo  |c KEVKJB  |d SNKBUCL  |e AACR2 
041 0 |a slo 
044 |a xo  |c SK 
080 |a 943.767.1  |2 1981 
100 1 |a Makarová, Soňa  |4 aut  |9 429760 
245 1 0 |a V Košiciach je radosť byť pacientom  |b z toho, čo pred voľbami sľúbili, splnili jediné: otvorili nemocnicu  |c Soňa Makarová 
300 |b Fotogr. 
610 2 7 |a Ústav pre choromyseľných (Košice, Slovensko)  |2 KEVKJB  |9 1021247 
650 0 7 |a nemocnice  |2 KEVKJB  |9 3008 
651 7 |a Košice (Slovensko)  |2 KEVKJB  |9 18694 
773 0 8 |t Košický denník Korzár  |g Roč. 7, č. 29 (5.2.2004), s. 19  |x 1335-4566 
852 |a ZVYKNI  |b KIS3GCP 
999 |c 1675853  |d 1677783